Manual prático de plantas de interior (Registo nº 197552)

Detalhes MARC
000 -Etiqueta do registo
Valores 00727nam 22002173 4500
010 ## - Número ISBN
ISBN 972-33-1199-2
021 ## - Número do Depósito Legal
Código do país Portugal
Número 100577/96
100 ## - Dados gerais de processamento
Dados gerais 20250820d u||y0pory50 ba
200 ## - Titulo e menção de responsabilidade
Título próprio Manual prático de plantas de interior
Informação de outro título como manter saudáveis as suas plantas de interior
Primeira menção de responsabilidade Jane Bland e William Davidson
Outras menções de responsabilidade tradução Isabel Teresa Santos
210 ## - Publicação
Local de publicação Lisboa
Nome do editor Estampa
Data de publicação imp.1996
215 ## - Descrição física 
Paginação / Volumes 176 p.
Outras indicações físicas il. ; encadernado
Dimensões 26 cm
606 ## - Nome comum usado como assunto
ID Autoridade 13431
Palavra de ordem Plantas de jardim. Jardinagem
675 ## - CDU
Notação 635
Edição PT
Língua por
700 ## - Autor principal (pessoa individual)
ID Autoridade 13598
Apelido Bland
Nome Jane
701 ## - Co-autor principal (pessoa individual)
ID Autoridade 13599
Apelido Davidson
Nome William
702 ## - Autor secundário (pessoa individual)
ID Autoridade 11399
Apelido Santos
Nome Isabel Teresa
801 ## - Fonte de origem
País PT
Agência BMMN
Regras de catalogação RPC
830 ## - Notas gerais do catalogador
Criado por Vanda
990 ## - Elementos KOHA
Tipo de documento Livro
Exemplares
Situação do levantamento Biblioteca de origem Código de barras Cota Permissão de empréstimo Tipo de documento Forma de aquisição
  Biblioteca Municipal de Montemor-o-Novo 25668 635 BLA|LG   Livro Compra

Powered by Koha